Martine vai às compras (Registo nº 75417)

Detalhes MARC
000 -Etiqueta do registo
campo de controlo de comprimento fixo 00445 2200169 4500
001 - Identificador do registo
Campo de controlo 75417
005 - Identificador da versão
Campo de controlo 20260127145329.0
010 ## - ISBN
Número (ISBN) 978-989-648-741-6
100 ## - Dados Gerais de Proc.
Dados gerais de processamento 20260127d2016 c||y0pory50 ba
200 ## - Título
Título próprio Martine vai às compras
Primeira menção de responsabilidade Gilbert Delahaye
Outras menções de responsabilidade Marcel Marlier
205 ## - Menção da edição
Menção da edição 1ªed
210 ## - Publicação, Distribuição
Lugar da edição, distribuição, etc. Lisboa
Nome do editor, distribuidor, etc. Zero a oito
Data da publicação, distribuição, etc. 2016
215 ## - Descrição física
Descrição física 21p.
675 ## - CDU
Notação 82
Edição 1ªed
702 ## - Responsabilidade secundária
Palavra de ordem Marlier
Outra parte do nome Marcel
Datas 1930-2011
Código de função Ilustrador
Koha Internal Code 29823
090 ## - Números de controlo do sistema (Koha)
Número biblioitem do Koha (gerado automaticamente) 75417
942 ## - Elementos de entrada adicionados (Koha)
Tipo de item no Koha Monografias
Suprimido Disponível no OPAC
Exemplares
Removido (estado) Perdido (estado) Data de aquisição Origem do registo (biblioteca) (codificado) Código da organização que empresta ou é detentora (biblioteca) Código de barras Número de inventário Cota Tipo de circulação (não pode ser emprestado) Tipo de item e material
Disponível Disponível 2026-01-27 Biblioteca EB23 D. Manuel I Biblioteca EB23 D. Manuel I BEBDMI9670 9670 I - 3 DEL Normal Monografias